000
00292nam a22001217a 4500
020
_a
3-540-12569-8
082
_a
621.38152 KUB'P
100
_a
KUBAT, M
_9
74136
245
_a
POWER SEMICONDUCTORS WITH 439 FIGURES
260
_a
NEWYORK
_b
SPRINGER VERLAG
_c
1989
300
_a
507P
942
_c
BK
999
_c
579705
_d
579705